000 00291nam a22001217a 4500
008 181102b xxu||||| |||| 00| 0 eng d
041 _aeng
080 _a101
100 _a49
101 _aFIL
245 _aIn Quest Of Value Philosophy And Pesonal Values
_cJose.s
942 _2udc
_cBK
999 _c51625
_d51625